Autoři maturita 1 - Statistics

General Stats
  • This quiz has been taken 4 times
  • The average score is 10 of 18
Answer Stats
Autor Dílo % Correct
Giovanni Boccaccio Dekameron
100%
Homér Illiada, Odysea
100%
Miguel De Cervantes Důmyslný rytíř Don Quijote
100%
Sofokles Antigona
100%
William Shakespeare Hamlet
100%
Daniel Defoe Robinson Crusoe
50%
Dante Alighieri Božská komedie
50%
Ezop bajky
50%
Goethe Faust
50%
Johnathan Swift Gulliverovy cesty
50%
Molière Lakomec
50%
neznámý Epos o Gilgamešovi
50%
neznámý Bible
50%
neznámý Píseň o Rolandovi
50%
Voltaire Candide
50%
Francesco Petrarca Zpěvník
0%
Francois Villon Testament
0%
Ovidius Proměny
0%
No matching quizzes found
Score Distribution
Percent of People with Each Score
Percentile by Number Answered
Your Score History
You have not taken this quiz